000 01615nam a2200385 a 4500
001 fol20608274
003 ICrlF
005 20250904223841.0
008 230315s2023 onc d 000 1 eng d
010 _a 2021949250
020 _a9780735265639
035 _a(ICrlF)2562FA
040 _aICrlF
_beng
_cICrlF
_dICrlF
050 4 _aPZ7.1.D5638
_bFu 2023
082 0 4 _a[Fic]
_223
100 1 _aDimaline, Cherie,
_d1975-
_940331
245 1 0 _aFuneral songs for dying girls /
_cCherie Dimaline.
260 _a[Toronto, Ont.] :
_bTundra,
_c[2023]
300 _a271 p. ;
_c22 cm.
510 3 _aBulletin of the Center for Children's Books starre, March 2023
510 3 _aPublishers Weekly, February 2023
510 3 _aKirkus Starred, February 2023
510 3 _aHorn Book, March 2023
520 _a"To save her father's job at the crematorium and the only home she's ever known, Winifred and her con-artist cousin start offering ghost tours until Winifred meets an actual ghost who causes her to question everything she believes about life, love, and death"--OCLC.
521 2 _aYoung Adult
_bFollett School Solutions.
521 8 _aHL800
_bLexile.
650 0 _aCemeteries
_vJuvenile fiction.
_9370
650 0 _aFathers and daughters
_vJuvenile fiction.
650 1 _aGhosts
_vFiction.
650 1 _aCemeteries
_vFiction.
_97156
650 1 _aFathers and daughters
_vFiction.
655 7 _aGhost stories.
_2lcgft
940 _bYoung Adult
_d08/17/23
_sBulletin of the Center for Children's Books starre, March 2023
_sPublishers Weekly, February 2023
_sKirkus Starred, February 2023
_vFSS
942 _cBK
999 _c128436
_d128436